000 00511nam a2200181Ia 4500
001 20215
005 20260306172750.0
008 260306t2003||||xx |||||||||||||| ||spa||
041 _aESP
082 _a343
_bG23
100 _aInstituto Iberoamericano de Derecho Constitucional. Sección Peruana
_eAUT
245 0 _aLa constitución y su defensa:
_b(algunos problemas contemporáneos)
260 _c2003
300 _a321 páginas :
_c24 cm.
650 _aGEN
654 _aCDE
942 _cLIB
_dJUS
_fJUS
_2ddc
_n
999 _c20215
_d20215